000 00990nam a2200241 a 4500
005 20250111063803.0
008 991125s1997 mx 000 0 spa u
035 _aUPN01000009218
049 _aTES
099 _a13938
100 1 _aVerdín Cambero, Isaac Carlos
245 1 0 _a¿Cómo favorecer el hábito de depositar la basura en su lugar? /
_cIsaac Carlos Verdín Cambero, José Luis Guerrero Sánchez, Leonor Medina Flores.
260 _aGuadalajara :
_bI. C. Verdín Cambero,
_c1997.
300 _a131 h. :
_bil.
500 _a"Unidad 141"
502 _aInvestigación de campo (Lic. en Educación Básica) -- Universidad Pedagógica Nacional, 1997
650 4 _aBasuras y aprovechamiento de basuras
_92946
650 4 _aEducación ambiental
_xEstudio y enseñanza (Elemental)
_99202
700 1 _aGuerrero Sánchez, José Luis,
_ecoaut.
700 1 _aMedina Flores, Leonor,
_ecoaut.
710 2 _aUniversidad Pedagógica Nacional (México).
_bUnidad 141
_928429
905 _aTesis
999 _c9218
_d9218